Lanean...

Sabda Badh/

Xehetasun bibliografikoak
Egile nagusia: Virendra Jain
Formatua: Printed Book
Argitaratua: New Delhi: Vani Prakashan, 2007
LEADER 00398nam a22001217a 4500
008 140827b ii||||| |||| 00| 0 hin d
999 |c 247750  |d 247750 
100 |a Virendra Jain 
245 |a Sabda Badh/   |c Virendra Jain 
260 |a New Delhi:  |b Vani Prakashan,  |c 2007 
546 |a in Hindi 
942 |c BK 
952 |0 0  |1 0  |4 0  |6 S_32  |7 0  |9 275086  |a HIN  |b HIN  |c ST1  |d 2017-08-05  |i 24910  |l 0  |o s-32  |p HIN24910  |r 2017-08-05  |w 2017-08-05  |y BK